000 00414nam a22001577a 4500
999 _c29447
_d29446
003 OSt
005 20210208112601.0
008 170615b xxu||||| |||| 00| 0 eng d
020 _a9780070724556
040 _aMMU
_beng
_cMMU
_dMMU
050 _aQA 76.9 .A38 2008
245 _aAdvanced Functions 12/
_cPaula Thiessen.
260 _aToronto:
_bMcGrawHill,
_c2008.
300 _axii, 312 p. :
942 _2lcc
_cLOAN LOAN